International Monetary Fund Annual Report 1969.

This paper reviews key findings of the IMF's Annual Report for the fiscal year ended April 30, 1969. The report highlights that rapid expansion and financial imbalance were the main features of the performance of the world economy during 1968 and the first half of 1969. Output and trade in the...

Full beskrivning

Bibliografiska uppgifter
Institutionell upphovsman: International Monetary Fund
Materialtyp: Tidskrift
Språk:English
Publicerad: Washington, D.C. : International Monetary Fund, 1969.
Serie:Annual Report of the Executive Board; Annual Report of the Executive Board ; No. 1969/001
Länkar:Full text available on IMF
LEADER 01665cas a2200229 a 4500
001 AALejournalIMF011130
008 230101c9999 xx r poo 0 0eng d
020 |z 9781616351816 
022 |a 2227-8915 
040 |a BD-DhAAL  |c BD-DhAAL 
110 2 |a International Monetary Fund. 
245 1 0 |a International Monetary Fund Annual Report 1969. 
264 1 |a Washington, D.C. :  |b International Monetary Fund,  |c 1969. 
300 |a 1 online resource (230 pages) 
490 1 |a Annual Report of the Executive Board 
500 |a <strong>Off-Campus Access:</strong> No User ID or Password Required 
500 |a <strong>On-Campus Access:</strong> No User ID or Password Required 
506 |a Electronic access restricted to authorized BRAC University faculty, staff and students 
520 3 |a This paper reviews key findings of the IMF's Annual Report for the fiscal year ended April 30, 1969. The report highlights that rapid expansion and financial imbalance were the main features of the performance of the world economy during 1968 and the first half of 1969. Output and trade in the industrial countries registered a sharp advance, imparting economic stimulus to the primary producing countries. Several of the industrial countries encountered severe balance-of-payments difficulties, and the international financial scene was marred by recurrent crises in foreign exchange markets. 
538 |a Mode of access: Internet 
830 0 |a Annual Report of the Executive Board; Annual Report of the Executive Board ;  |v No. 1969/001 
856 4 0 |z Full text available on IMF  |u http://elibrary.imf.org/view/books/011/11913-9781616351816-en/11913-9781616351816-en-book.xml  |z IMF e-Library